[Event "World Senior Teams +65"]
[Site "Radebeul GER"]
[Date "2016.06.28"]
[Round "3.12"]
[Board "1"]
[White "Rychlik, Kurt"]
[Black "Ager, Josef"]
[Result "0-1"]
[WhiteElo "2023"]
[BlackElo "2158"]
[WhiteTeam "Surprise"]
[BlackTeam "Niederoesterreich"]
[WhiteFideId "4694120"]
[BlackFideId "1607138"]
[EventDate "2016.06.26"]

1. g3 Nf6 2. Bg2 g6 3. e4 d6 4. d4 Bg7 5. Ne2 O-O 6. O-O Nc6 7. d5 Na5 8. Nd2 c5
9. Rb1 Rb8 10. c3 b6 11. b4 Nb7 12. Nc4 e6 13. Ne3 exd5 14. exd5 Bd7 15. Re1 Qe8
16. Bb2 Ba4 17. Qd3 Qd7 18. Nf4 Rfe8 19. a3 Re7 20. Bh3 Qc7 21. c4 cxb4 22. axb4
a5 23. Qa3 Bd7 24. Qa1 Ne8 25. Bxg7 Nxg7 26. bxa5 bxa5 27. Bxd7 Qxd7 28. Rb5
Rbe8 29. Reb1 Qc8 30. Kg2 h5 31. Qb2 Nc5 32. Rxa5 Ne4 33. Rb5 Nxf2 34. Rb8 Qc5
35. Rxe8+ Rxe8 36. Qxf2 Rxe3 37. Rb5 Qd4 38. Rb8+ Kh7 39. Rb2 Qe4+ 40. Kh3 Qf5+
41. Kg2 Qe4+ 42. Kh3 g5 43. Nxh5 Nxh5 44. Qxf7+ Ng7 45. Rb7 Qg6 46. Kg2 g4 47.
Qxg6+ Kxg6 48. Rb6 Nf5 49. c5 Re2+ 50. Kg1 Rd2 51. cxd6 Rxd5 52. d7+ Kg5 53. Rb7
Rd2 54. Kf1 Nh6 55. Ke1 Rd4 56. Ke2 Nf7 57. Ke3 Rd5 58. Ke4 Re5+ 59. Kd4 Re2 60.
Rb5+ Kf6 61. Rd5 Rxh2 62. Kc5 Rc2+ 63. Kb6 Rc3 64. d8=Q+ Nxd8 65. Rxd8 Rxg3 66.
Kc5 Re3 67. Kd4 Re1 68. Rg8 Kf5 69. Kd3 Kf4 70. Kd2 Re7 71. Rf8+ Kg3 72. Rg8 Kf3
73. Rf8+ Kg2 74. Rg8 g3 75. Rg6 Kf2 76. Rf6+ Kg1 77. Rg6 g2 78. Rg5 Rh7 79. Ke2
Kh1 80. Kf2 Rf7+ 0-1

[Event "World Senior Teams +65"]
[Site "Radebeul GER"]
[Date "2016.06.28"]
[Round "3.12"]
[Board "2"]
[White "Gneiss, Karl"]
[Black "Ophoff, Rigobert"]
[Result "1-0"]
[WhiteElo "2183"]
[BlackElo "1981"]
[WhiteTeam "Niederoesterreich"]
[BlackTeam "Surprise"]
[WhiteFideId "1605844"]
[BlackFideId "4679750"]
[EventDate "2016.06.26"]

1. c4 Nf6 2. g3 g6 3. Bg2 Bg7 4. Nf3 O-O 5. Nc3 d6 6. O-O c5 7. d4 Nbd7 8. b3
Rb8 9. Bb2 a6 10. a4 cxd4 11. Qxd4 Nc5 12. b4 Nb3 13. Qa7 Be6 14. Rab1 Bxc4 15.
Rfd1 Qc7 16. Qe3 d5 17. a5 d4 18. Nxd4 Nxd4 19. Qxd4 Rfd8 20. Qh4 Bb3 21. Rdc1
Qd6 22. Ba1 Qe6 23. e4 Bc4 24. Bh3 Qc6 25. Nd5 Kf8 26. Nxf6 Bxf6 27. Bxf6 exf6
28. e5 1-0

[Event "World Senior Teams +65"]
[Site "Radebeul GER"]
[Date "2016.06.28"]
[Round "3.12"]
[Board "3"]
[White "Wittkugel, Friedhelm"]
[Black "Winiwarter, Felix"]
[Result "1/2-1/2"]
[WhiteElo "1993"]
[BlackElo "2101"]
[WhiteTeam "Surprise"]
[BlackTeam "Niederoesterreich"]
[WhiteFideId "24606162"]
[BlackFideId "1601890"]
[EventDate "2016.06.26"]

1. d4 Nf6 2. Nf3 c5 3. e3 e6 4. c4 d5 5. Nc3 Nc6 6. a3 a6 7. Bd3 Bd6 8. O-O O-O
9. dxc5 Bxc5 10. b4 Bd6 11. Bb2 Ne5 12. Nxe5 Bxe5 13. Qe2 dxc4 14. Bxc4 b5 15.
Ba2 Bb7 16. Rac1 Rc8 17. h3 Qe7 18. Bb1 Rfd8 19. Rfd1 Rxd1+ 20. Qxd1 Rd8 21. Qe2
Ba8 22. Rd1 h6 23. Rxd8+ Qxd8 24. Qd3 1/2-1/2

[Event "World Senior Teams +65"]
[Site "Radebeul GER"]
[Date "2016.06.28"]
[Round "3.12"]
[Board "4"]
[White "Woeber, Friedrich"]
[Black "Perk, Egbert"]
[Result "1-0"]
[WhiteElo "2116"]
[BlackElo "1949"]
[WhiteTeam "Niederoesterreich"]
[BlackTeam "Surprise"]
[WhiteFideId "1604694"]
[BlackFideId "4645944"]
[EventDate "2016.06.26"]

1. e4 e5 2. Nf3 Nc6 3. Bc4 Be7 4. d4 d6 5. dxe5 Nxe5 6. Nxe5 dxe5 7. Qh5 g6 8.
Qxe5 f6 9. Qb5+ Kf8 10. O-O c6 11. Qb3 Qb6 12. Bxg8 Rxg8 13. Bh6+ Rg7 14. Nd2 c5
15. Qxb6 axb6 16. Nc4 Ra6 17. a4 Be6 18. b3 Kf7 19. Bxg7 Kxg7 20. Rfd1 Kf7 21.
Ne3 f5 22. exf5 gxf5 23. Nd5 Bd8 24. c4 Ra8 25. Ra2 b5 26. cxb5 Ba5 27. Rb2 Re8
28. Nf4 Bc8 29. Re2 1-0

[Event "World Senior Teams +65"]
[Site "Radebeul GER"]
[Date "2016.06.28"]
[Round "3.13"]
[Board "1"]
[White "Schmidt, Gerhard3"]
[Black "Kempe, Rainer"]
[Result "1/2-1/2"]
[WhiteElo "2077"]
[BlackElo "2006"]
[WhiteTeam "Saxone"]
[BlackTeam "Stiftung BSW / DBAG III"]
[WhiteFideId "12962260"]
[BlackFideId "12975206"]
[EventDate "2016.06.26"]

1. d4 d5 2. Nf3 Nf6 3. c4 c6 4. e3 e6 5. Bd3 dxc4 6. Bxc4 Nbd7 7. O-O Be7 8. Nc3
a6 9. a4 c5 10. Qe2 O-O 11. Rd1 Qc7 12. e4 cxd4 13. Nxd4 Ne5 14. Ba2 Bc5 15. Bf4
Nfd7 16. Rac1 Qb6 17. a5 Qb4 18. Nb3 Ba7 19. Be3 Bxe3 20. Qxe3 Nc6 21. Ne2 Nxa5
22. Rd4 Qb5 23. Nc3 Qb6 24. Na4 Qb5 25. Nc3 1/2-1/2

[Event "World Senior Teams +65"]
[Site "Radebeul GER"]
[Date "2016.06.28"]
[Round "3.13"]
[Board "2"]
[White "Ehlert, Joachim"]
[Black "Lenk, Wolfgang"]
[Result "1/2-1/2"]
[WhiteElo "2007"]
[BlackElo "2213"]
[WhiteTeam "Stiftung BSW / DBAG III"]
[BlackTeam "USV TU Dresden"]
[WhiteFideId "4698363"]
[BlackFideId "4612388"]
[EventDate "2016.06.26"]

1. e4 d6 2. d4 Nf6 3. Nc3 g6 4. h3 Nbd7 5. Be3 c6 6. Bc4 b5 7. Bd3 b4 8. Nce2
Bg7 9. f4 Qb6 10. Nf3 O-O 11. Qd2 c5 12. c3 c4 13. Bc2 a5 14. g4 Bb7 15. Ng3 d5
16. Ne5 Qb5 17. Nxd7 Qxd7 18. e5 bxc3 19. bxc3 Ne4 20. Nxe4 1/2-1/2

[Event "World Senior Teams +65"]
[Site "Radebeul GER"]
[Date "2016.06.28"]
[Round "3.13"]
[Board "3"]
[White "Kahn, Peter"]
[Black "Francke, Dirk"]
[Result "1/2-1/2"]
[WhiteElo "2097"]
[BlackElo "1952"]
[WhiteTeam "USV TU Dresden"]
[BlackTeam "Stiftung BSW / DBAG III"]
[WhiteFideId "4686837"]
[BlackFideId "12975320"]
[EventDate "2016.06.26"]

1. e4 c5 2. c3 e5 3. d4 exd4 4. cxd4 cxd4 5. Qxd4 Nc6 6. Qa4 Nf6 7. Nc3 Bb4 8.
Bd2 O-O 9. O-O-O Qe7 10. f3 Rd8 11. Bb5 a6 12. Kb1 Rb8 13. Be2 b5 14. Qc2 Bb7
15. Bf4 Rbc8 16. Nd5 Nxd5 17. exd5 Nd4 18. Qe4 Nxe2 19. Nxe2 Re8 20. Ng3 Rc4 21.
Qxe7 Rxe7 22. Bd2 Bc5 23. b3 Rd4 24. Nf5 Rxd5 25. Nxe7+ Bxe7 26. Bf4 f6 27. Rxd5
Bxd5 28. Rd1 Bc6 29. Bd6 Bxd6 30. Rxd6 Kf7 31. Kc2 a5 32. Kc3 Ke7 33. Rd2 d6 34.
b4 a4 35. a3 Ke6 36. Re2+ Kd7 37. Kd4 Bb7 38. f4 f5 39. Re3 g6 40. Rh3 Bxg2 41.
Rxh7+ Ke6 42. h4 Bf3 43. Rc7 Bg2 44. Rg7 Kf6 45. Rg8 Bc6 46. Rc8 Bd7 47. Rc7 Ke6
48. Rc1 Be8 49. Rc7 Bd7 50. Rb7 Bc6 51. Rg7 Be8 52. Rg8 Kf7 53. Rh8 Bc6 54. Rc8
Bd7 55. Rc1 Be6 56. Rc7+ Kf6 57. Rb7 Bc4 58. Rd7 Ke6 59. Rc7 Bb3 60. Rg7 Kf6 61.
Rh7 Ke6 62. h5 gxh5 63. Rxh5 Bc2 64. Rh8 Bb3 65. Rh3 Bd1 66. Re3+ Kd7 67. Kd5
Bb3+ 68. Kd4 Bd1 69. Rh3 Kc6 70. Rd3 Be2 71. Rc3+ Kd7 72. Rc2 Bf3 73. Rf2 Be4
74. Re2 Bf3 75. Rh2 Kc6 76. Rh3 Bg2 77. Rh7 Be4 78. Rf7 Bc2 79. Rf8 Be4 80. Rc8+
Kd7 1/2-1/2

[Event "World Senior Teams +65"]
[Site "Radebeul GER"]
[Date "2016.06.28"]
[Round "3.13"]
[Board "4"]
[White "Gabriel, Wolfram"]
[Black "Petzold, Hans"]
[Result "0-1"]
[WhiteElo "1713"]
[BlackElo "2092"]
[WhiteTeam "Stiftung BSW / DBAG III"]
[BlackTeam "USV TU Dresden"]
[WhiteFideId "24638285"]
[BlackFideId "24615676"]
[EventDate "2016.06.26"]

1. e4 e6 2. d4 d5 3. e5 c5 4. c3 Qd7 5. Bd3 b6 6. Nf3 Ba6 7. O-O Bxd3 8. Qxd3
Nc6 9. Be3 Rc8 10. Qe2 Nge7 11. Rd1 Nf5 12. Bf4 h6 13. h3 g5 14. g4 Nfxd4 15.
cxd4 gxf4 16. Nc3 Be7 17. Qd2 h5 18. g5 cxd4 19. Nb5 a6 20. Nbxd4 h4 21. Qxf4
Rg8 22. Kh1 Qd8 23. Nxc6 Rxc6 24. Rg1 Rc4 25. Qd2 Bb4 26. Qd3 Rg6 27. a3 Bc5 28.
Rg2 Qc8 29. Nd2 Rd4 30. Nf3 Rc4 31. Nd2 Rd4 32. Qe2 Be7 33. Nf3 Rc4 34. Qd2 Rc2
35. Qd4 b5 36. b4 Rc1+ 37. Kh2 Rc3 38. Qf4 Rc4 39. Qe3 Bd8 40. Nd2 Bc7 41. f4
Rc6 42. Nf3 Bb6 43. Qe1 Rg8 44. Qxh4 Rc3 45. Ne1 Qc4 46. Raa2 Be3 47. Kh1 Qf1+ 0-1

[Event "World Senior Teams +65"]
[Site "Radebeul GER"]
[Date "2016.06.28"]
[Round "3.14"]
[Board "1"]
[White "Palmo, Pentti"]
[Black "Kugelmann, Werner"]
[Result "1/2-1/2"]
[WhiteElo "1995"]
[BlackElo "2144"]
[WhiteTeam "Turku"]
[BlackTeam "Stiftung BSW / DBAG I"]
[WhiteFideId "501905"]
[BlackFideId "4671856"]
[EventDate "2016.06.26"]

1. e4 e5 2. Nf3 Nc6 3. Bb5 a6 4. Ba4 Nf6 5. O-O Nxe4 6. d4 b5 7. Bb3 d5 8. dxe5
Be6 9. Be3 Be7 10. c3 O-O 11. Nbd2 Nc5 12. Bc2 Qd7 13. Qb1 h6 14. Bf4 d4 15.
cxd4 Nxd4 16. Nxd4 Qxd4 17. Ne4 Nxe4 18. Bxe4 Rad8 19. Rd1 Qb4 20. Rxd8 Rxd8 21.
Be3 Bg5 22. f4 Be7 23. f5 Bc5 24. Bxc5 Qxc5+ 25. Kh1 Bc8 26. e6 fxe6 27. f6 Qf8
28. fxg7 Qxg7 29. Qc1 c5 30. Qxc5 Qxb2 31. Rf1 Qg7 32. Bf3 Rf8 33. Qd6 Qf6 34.
Qg3+ Kh8 35. Qe1 Qd4 36. Qc1 Qg7 37. Re1 a5 38. Qd2 b4 39. Rc1 Qf6 40. Kg1 e5
41. Rc6 Qf4 42. Qxf4 exf4 43. Rxh6+ 1/2-1/2

[Event "World Senior Teams +65"]
[Site "Radebeul GER"]
[Date "2016.06.28"]
[Round "3.14"]
[Board "2"]
[White "Baumbach, Friedrich"]
[Black "Alkkiomaki, Jyrki"]
[Result "1-0"]
[WhiteTitle "FM"]
[WhiteElo "2193"]
[BlackElo "1973"]
[WhiteTeam "Stiftung BSW / DBAG I"]
[BlackTeam "Turku"]
[WhiteFideId "4611721"]
[BlackFideId "506893"]
[EventDate "2016.06.26"]

1. d4 d5 2. c4 e6 3. Nf3 c5 4. cxd5 exd5 5. g3 Nc6 6. Bg2 Nf6 7. O-O Be7 8. dxc5
Bxc5 9. a3 O-O 10. b4 Be7 11. Bb2 Re8 12. Nc3 h6 13. Qd3 Be6 14. Rfd1 Qc7 15.
Rac1 Ne5 16. Qd4 Nc4 17. Nd2 Nxb2 18. Nxd5 Qd8 19. Nxe7+ Qxe7 20. Qxb2 Bg4 21.
Re1 Rad8 22. h3 Qd7 23. hxg4 Qxd2 24. Qxd2 Rxd2 25. Bxb7 Ra2 26. Rc3 Nxg4 27.
Bd5 Raxe2 28. Rxe2 Rxe2 29. Rc7 Rxf2 30. Rxa7 Ne5 31. Kxf2 1-0

[Event "World Senior Teams +65"]
[Site "Radebeul GER"]
[Date "2016.06.28"]
[Round "3.14"]
[Board "3"]
[White "Rantanen, Veikko"]
[Black "Fleuch, Hans-Juergen"]
[Result "1/2-1/2"]
[WhiteElo "1966"]
[BlackElo "2078"]
[WhiteTeam "Turku"]
[BlackTeam "Stiftung BSW / DBAG I"]
[WhiteFideId "506770"]
[BlackFideId "4619617"]
[EventDate "2016.06.26"]

1. c4 g6 2. g3 Bg7 3. Bg2 c5 4. Nf3 Nc6 5. Nc3 e6 6. e3 Nge7 7. O-O Nf5 8. d3
O-O 9. Rb1 d5 10. e4 dxe4 11. dxe4 Qxd1 12. Rxd1 Nfd4 13. Bg5 h6 14. Be3 b6 15.
Nb5 Nxf3+ 16. Bxf3 Ne5 17. Be2 Nc6 18. a3 a6 19. Rd6 Bb7 20. Rd7 Rab8 21. Nc3
Nd4 22. f3 Rfd8 23. Rxd8+ Rxd8 24. Kf1 Kf8 25. Na4 Rd6 26. b4 Nc2 27. Bc1 cxb4
28. axb4 Rc6 29. b5 axb5 30. Rxb5 Nd4 31. Rxb6 Nxe2 32. Ba3+ Kg8 33. Kxe2 Rxc4
34. Rxb7 Rxa4 35. Rb3 1/2-1/2

[Event "World Senior Teams +65"]
[Site "Radebeul GER"]
[Date "2016.06.28"]
[Round "3.14"]
[Board "4"]
[White "Goldberg, Valerij"]
[Black "Lehtosaari, Kalevi"]
[Result "1-0"]
[WhiteElo "2123"]
[BlackElo "1953"]
[WhiteTeam "Stiftung BSW / DBAG I"]
[BlackTeam "Turku"]
[WhiteFideId "4684370"]
[BlackFideId "501174"]
[EventDate "2016.06.26"]

1. e4 e5 2. Nf3 Nf6 3. Nxe5 d6 4. Nf3 Nxe4 5. d4 d5 6. Bd3 Bd6 7. O-O O-O 8. c4
c6 9. cxd5 cxd5 10. Nc3 Nf6 11. Bg5 Be6 12. Qb3 b6 13. Nb5 Nc6 14. Bxh7+ Kxh7
15. Qc2+ Kg8 16. Qxc6 Be7 17. Qc7 a6 18. Qxd8 Bxd8 19. Bxf6 gxf6 20. Nc3 Rc8 21.
h3 b5 22. a3 Ba5 23. Rac1 Rfe8 24. Nd2 b4 25. axb4 Bxb4 26. Ndb1 Kg7 27. Rcd1
Rb8 28. f4 f5 29. Rd3 Rec8 30. Rf2 Rb7 31. g4 fxg4 32. f5 Bd7 33. hxg4 Bb5 34.
Re3 Bc4 35. g5 Rcb8 36. Nd2 Bd6 37. Nxc4 dxc4 38. Ree2 Rh8 39. Ne4 Bb4 40. Rf4
Rh3 41. Kg2 Rd3 42. Nf2 Rd7 43. Nxd3 cxd3 44. Ree4 Rc7 45. d5 Rc2+ 46. Rf2 d2
47. Rd4 Rxb2 48. d6 Ba5 49. d7 Rb8 50. Re2 Kf8 51. f6 Rd8 52. Ra4 Bc3 1-0

[Event "World Senior Teams +65"]
[Site "Radebeul GER"]
[Date "2016.06.28"]
[Round "3.15"]
[Board "1"]
[White "Hajenius, Willem"]
[Black "Harestad, Thor Geir"]
[Result "0-1"]
[BlackTitle "FM"]
[WhiteElo "2008"]
[BlackElo "2192"]
[WhiteTeam "Belgium 2"]
[BlackTeam "Norway 1"]
[WhiteFideId "201138"]
[BlackFideId "1500414"]
[EventDate "2016.06.26"]

1. d4 Nf6 2. c4 c5 3. d5 b5 4. cxb5 a6 5. Nc3 axb5 6. e4 b4 7. Nb5 d6 8. Bc4
Nbd7 9. Nf3 g6 10. Qe2 Bg7 11. O-O O-O 12. Bg5 Ba6 13. Nxd6 exd6 14. Bxa6 Qb6
15. Bd3 Rfe8 16. Qc2 Rac8 17. Nd2 Ne5 18. Nc4 Nxc4 19. Qxc4 Nd7 20. Qb5 Qa7 21.
Qa6 Qxa6 22. Bxa6 Rb8 23. Rab1 Rxe4 24. b3 Nf6 25. f3 Ree8 26. Bf4 Rb6 27. Bc4
Ra8 28. Rf2 Nh5 29. Be3 f5 30. Re2 Rb7 31. Bg5 h6 32. Re7 Rba7 33. Rxa7 Rxa7 34.
Be3 Rxa2 35. Re1 Bc3 36. Re2 Ra1+ 37. Kf2 f4 38. Bxc5 dxc5 39. d6+ Kf8 40. Re7
Ra2+ 41. Kf1 Bf6 42. Rf7+ Ke8 43. Rb7 Bh4 44. Bf7+ Kf8 45. Bxg6 Rf2+ 46. Kg1 Re2
47. g3 fxg3 48. Bxh5 gxh2+ 49. Kh1 Bg3 50. Rb8+ Kg7 51. Rb7+ Kf6 52. Rf7+ Kg5
53. Rg7+ Kh4 54. Rg4+ Kh3 55. Re4 Rd2 56. Bg4+ Kh4 57. Be6+ Kg5 58. Rg4+ Kf6 59.
Rxg3 Kxe6 60. Rg6+ Kd7 61. Rxh6 Rb2 62. f4 Rxb3 0-1

[Event "World Senior Teams +65"]
[Site "Radebeul GER"]
[Date "2016.06.28"]
[Round "3.15"]
[Board "2"]
[White "Ulrichsen, Jarl H"]
[Black "Van De Wynkele, Herman"]
[Result "1/2-1/2"]
[WhiteTitle "FM"]
[WhiteElo "2187"]
[BlackElo "1985"]
[WhiteTeam "Norway 1"]
[BlackTeam "Belgium 2"]
[WhiteFideId "1500350"]
[BlackFideId "207144"]
[EventDate "2016.06.26"]

1. c4 g6 2. Nc3 Bg7 3. g3 e5 4. Bg2 Ne7 5. e3 c5 6. Nge2 Nbc6 7. O-O d6 8. b3
Be6 9. Bb2 O-O 10. d4 cxd4 11. exd4 exd4 12. Na4 d5 13. c5 Nf5 14. Nf4 Qd7 15.
Nd3 Nfe7 16. Re1 Rad8 17. b4 Rfe8 18. Rc1 Bf5 19. b5 Bxd3 20. Qxd3 Ne5 21. Qb3
Nf5 22. c6 bxc6 23. bxc6 Nxc6 24. Rxe8+ Qxe8 25. Qb5 Nce7 26. Qxe8+ Rxe8 27. Nc5
Rc8 28. Nd3 Rxc1+ 29. Bxc1 Kf8 1/2-1/2

[Event "World Senior Teams +65"]
[Site "Radebeul GER"]
[Date "2016.06.28"]
[Round "3.15"]
[Board "4"]
[White "Sollid, Stein"]
[Black "De Reymaeker, Walter"]
[Result "1-0"]
[WhiteElo "2014"]
[BlackElo "1889"]
[WhiteTeam "Norway 1"]
[BlackTeam "Belgium 2"]
[WhiteFideId "1503057"]
[BlackFideId "208000"]
[EventDate "2016.06.26"]

1. e4 c5 2. Nf3 d6 3. d4 cxd4 4. Qxd4 Bd7 5. Bc4 Nc6 6. Qd3 Nf6 7. Nc3 g6 8. O-O
Bg7 9. h3 O-O 10. Bf4 Rc8 11. Rfd1 Nb4 12. Qe2 Nxc2 13. Bxf7+ Rxf7 14. Qxc2 Nh5
15. Be3 h6 16. Qb3 Kf8 17. Nh4 Rf6 18. g4 g5 19. Nf5 Nf4 20. Bxf4 gxf4 21. Nd5
Be6 22. Qxb7 Bxd5 23. Rxd5 Rf7 24. Qb4 Be5 25. Rad1 Qc7 26. Rb5 Qc2 27. Rd2 Qc1+
28. Kg2 f3+ 29. Kxf3 Qh1+ 30. Ke2 e6 31. Rxd6 Kg8 32. Nxh6+ Kg7 33. Nxf7 Rc2+
34. Rd2 Rc1 35. Nxe5 Qf1+ 36. Ke3 Re1+ 37. Kf4 1-0

[Event "World Senior Teams +65"]
[Site "Radebeul GER"]
[Date "2016.06.28"]
[Round "3.16"]
[Board "1"]
[White "Schmidt, Gerhard3"]
[Black "Haase, Wolfgang"]
[Result "1-0"]
[WhiteElo "2077"]
[BlackElo "2144"]
[WhiteTeam "Saxone"]
[BlackTeam "Hessen 2"]
[WhiteFideId "12962260"]
[BlackFideId "4627440"]
[EventDate "2016.06.26"]

1. e4 g6 2. g3 Bg7 3. Bg2 c5 4. Nf3 Nc6 5. O-O d6 6. Nc3 e6 7. d3 Nge7 8. Ne2 e5
9. c3 d5 10. d4 exd4 11. exd5 Nxd5 12. cxd4 c4 13. Nc3 Nxc3 14. bxc3 O-O 15. Qa4
Be6 16. Qb5 Qd5 17. Rb1 Rfd8 18. Ng5 Qxb5 19. Rxb5 Bc8 20. Bd5 Rd7 21. Re1 Bf6
22. Bxc4 Kg7 23. Bf1 h6 24. Nf3 a6 25. Rb6 Bd8 26. Rb2 Ba5 27. Bd2 b5 28. Bg2
Bb7 29. Ne5 Nxe5 30. Bxb7 Rxb7 31. Rxe5 Rc8 32. Rb3 Bd8 33. Rd5 Be7 34. a4 Rcb8
35. axb5 Rxb5 36. Rbxb5 Rxb5 37. Rxb5 axb5 38. Kg2 h5 39. Kf3 Kf6 40. Ke4 Ke6
41. d5+ Kd6 42. c4 f5+ 43. Kd4 Bf6+ 44. Kd3 bxc4+ 45. Kxc4 Kd7 46. Bc3 Be7 47.
Be5 Ba3 48. f3 Bc1 49. h3 Ba3 50. Bf4 Bb2 51. Bd2 Be5 52. g4 hxg4 53. hxg4 fxg4
54. fxg4 Bg7 55. Kd3 Bf6 56. Ke4 Kd6 57. Bf4+ Kd7 58. Be5 Bg5 59. Bg7 Bd2 60.
Bb2 Bh6 61. Bf6 Bd2 62. Bb2 Bh6 63. Ba3 Bd2 64. Bf8 Ke8 65. Bc5 Kf7 66. Ke5 Bc3+
67. Kd6 Kf6 68. Be3 Bb4+ 69. Kc6 Ke5 70. Bc1 Bf8 71. g5 Be7 72. Bb2+ Kf5 73. Bf6
Bxf6 74. gxf6 Kxf6 75. d6 1-0

[Event "World Senior Teams +65"]
[Site "Radebeul GER"]
[Date "2016.06.28"]
[Round "3.16"]
[Board "2"]
[White "Benninger, Rudolf"]
[Black "Goerden, Hans-Juergen"]
[Result "0-1"]
[WhiteElo "2099"]
[BlackElo "1821"]
[WhiteTeam "Hessen 2"]
[BlackTeam "Saxone"]
[WhiteFideId "4699564"]
[BlackFideId "12911216"]
[EventDate "2016.06.26"]

1. e4 c5 2. c3 d5 3. exd5 Qxd5 4. d4 Nf6 5. Nf3 e6 6. Bd3 Be7 7. O-O O-O 8. Re1
Nc6 9. a3 Rd8 10. Be3 e5 11. Bb5 Bg4 12. Nbd2 e4 13. Bxc6 bxc6 14. h3 Bh5 15. g4
Nxg4 16. hxg4 Bxg4 17. Bf4 f5 18. Qc2 g5 19. Nxg5 Bxg5 20. Bxg5 Rd6 21. Nf1 Rg6
22. Qd2 h6 23. Bf4 Bf3+ 24. Bg3 f4 25. Qxf4 Qh5 26. Nh2 Rf8 27. Qe5 Qh3 28. Nxf3
exf3 0-1

[Event "World Senior Teams +65"]
[Site "Radebeul GER"]
[Date "2016.06.28"]
[Round "3.16"]
[Board "3"]
[White "Stavenhagen, Johannes"]
[Black "Niebling, Ferdinand"]
[Result "0-1"]
[WhiteElo "1914"]
[BlackElo "2132"]
[WhiteTeam "Saxone"]
[BlackTeam "Hessen 2"]
[WhiteFideId "24615706"]
[BlackFideId "4638425"]
[EventDate "2016.06.26"]

1. d4 f5 2. Nf3 Nf6 3. c4 d6 4. Nc3 g6 5. Bf4 Bg7 6. Qd2 O-O 7. e3 c6 8. Bd3 Qe8
9. h3 Nbd7 10. Be2 e5 11. dxe5 dxe5 12. Bg5 e4 13. Nd4 Ne5 14. O-O-O Qf7 15. b3
h6 16. Bf4 Qe7 17. Kb1 a6 18. Qc1 c5 19. Nc2 Bd7 20. Na4 Bxa4 21. bxa4 Qe6 22.
Na1 Rfd8 23. Nb3 Nd3 24. Bxd3 exd3 25. Nxc5 Qb6+ 26. Nb3 Ne4 27. c5 0-1

[Event "World Senior Teams +65"]
[Site "Radebeul GER"]
[Date "2016.06.28"]
[Round "3.16"]
[Board "4"]
[White "Falk, Thomas"]
[Black "Zanger, Konrad"]
[Result "1-0"]
[WhiteElo "2094"]
[BlackElo "1777"]
[WhiteTeam "Hessen 2"]
[BlackTeam "Saxone"]
[WhiteFideId "4634624"]
[BlackFideId "24615722"]
[EventDate "2016.06.26"]

1. Nf3 Nf6 2. c4 e6 3. g3 g6 4. Bg2 Bg7 5. O-O O-O 6. d4 c6 7. Bf4 d5 8. Nbd2
Nh5 9. Bg5 Bf6 10. h4 Nd7 11. e4 Bxg5 12. hxg5 b6 13. Qc2 Bb7 14. Rfe1 Rc8 15.
b3 c5 16. dxc5 Nxc5 17. exd5 exd5 18. Rad1 Re8 19. Rxe8+ Qxe8 20. Nd4 Ng7 21.
cxd5 Qd8 22. Nc6 Qxg5 23. b4 Nd7 24. Ne4 Qh5 25. Ne7+ Kf8 26. Nxc8 Bxc8 27.
Qxc8+ Ne8 28. Rd2 Qe5 29. Qxd7 f5 30. Ng5 Nd6 31. Ne6+ Kg8 32. Qd8+ 1-0

[Event "World Senior Teams +65"]
[Site "Radebeul GER"]
[Date "2016.06.28"]
[Round "3.17"]
[Board "1"]
[White "Smeets, Pierre"]
[Black "Birk, Rainer"]
[Result "1/2-1/2"]
[WhiteElo "2119"]
[BlackElo "2136"]
[WhiteTeam "Oranje 3"]
[BlackTeam "Oberlausitz"]
[WhiteFideId "1043820"]
[BlackFideId "4684699"]
[EventDate "2016.06.26"]

1. d4 d5 2. Nf3 Nf6 3. Bg5 Nbd7 4. e3 h6 5. Bh4 e6 6. Nbd2 Be7 7. Bd3 O-O 8. c3
c5 9. Ne5 Nxe5 10. dxe5 Nd7 11. Bg3 Qb6 12. Rb1 Qa5 13. O-O c4 14. Bc2 Qxa2 15.
Nf3 Qa5 1/2-1/2

[Event "World Senior Teams +65"]
[Site "Radebeul GER"]
[Date "2016.06.28"]
[Round "3.17"]
[Board "2"]
[White "Brauer, Christian"]
[Black "Mostertman, Loek"]
[Result "1/2-1/2"]
[WhiteElo "2102"]
[BlackElo "1958"]
[WhiteTeam "Oberlausitz"]
[BlackTeam "Oranje 3"]
[WhiteFideId "4610938"]
[BlackFideId "1010425"]
[EventDate "2016.06.26"]

1. Nf3 c5 2. c4 Nc6 3. d4 cxd4 4. Nxd4 Nf6 5. Nc3 e6 6. g3 Qb6 7. e3 Bb4 8. Ne2
O-O 9. Bg2 d5 10. cxd5 Nxd5 11. O-O Nxc3 12. Nxc3 Rd8 13. Qc2 Bd7 14. a3 Be7 15.
b4 Rac8 16. Bb2 Ne5 17. Rfd1 Nc4 18. Rac1 a5 19. Qb3 Nxb2 20. Qxb2 axb4 21. axb4
Qxb4 22. Qxb4 Bxb4 23. Na2 Rxc1 24. Rxc1 Bf8 1/2-1/2

[Event "World Senior Teams +65"]
[Site "Radebeul GER"]
[Date "2016.06.28"]
[Round "3.17"]
[Board "3"]
[White "Mentink, Toon"]
[Black "Selig, Rainer"]
[Result "1-0"]
[WhiteElo "1853"]
[BlackElo "2139"]
[WhiteTeam "Oranje 3"]
[BlackTeam "Oberlausitz"]
[WhiteFideId "1017322"]
[BlackFideId "24646105"]
[EventDate "2016.06.26"]

1. c4 g6 2. Nc3 Bg7 3. Nf3 d6 4. g3 e5 5. d4 Ne7 6. dxe5 dxe5 7. Qxd8+ Kxd8 8.
Bg2 c6 9. O-O Be6 10. Rd1+ Kc7 11. b3 h6 12. Bb2 Nd7 13. Rac1 Rad8 14. e4 Rhe8
15. Ba3 Nc8 16. c5 Bg4 17. h3 Bxf3 18. Bxf3 f5 19. b4 Nf6 20. Kf1 Rd4 21. exf5
Rxd1+ 22. Rxd1 gxf5 23. Be2 e4 24. Bc1 b6 25. Bf4+ Kb7 26. a4 Ne7 27. cxb6 Nfd5
28. Nxd5 Nxd5 29. bxa7 Kxa7 30. b5 Nxf4 31. Rd7+ Kb6 32. Rxg7 Nxe2 33. Kxe2 cxb5
34. Rg6+ Ka5 35. axb5 Kxb5 36. Rxh6 Rc8 37. Rf6 Rc2+ 38. Kf1 Rc5 39. h4 Kc4 40.
Rd6 Ra5 41. h5 Kc5 42. Rd8 f4 43. gxf4 Ra6 44. Ke2 Rh6 45. Ke3 Rxh5 46. Kxe4 Rh2
47. Kf3 Kc6 48. Kg3 Rh5 49. f3 Kc7 50. Rd3 1-0